Statistics for Highest-Grossing Movie by Decade

Click here to take the quiz!

General Stats

  • This quiz has been taken 511 times
    (114 since last reset)
  • The average score is 5 of 10

Answer Stats

DecadeAdjusted GrossMovie% Correct
1990s$3.3 billionTitanic
88%
2000s$3.3 billionAvatar
87%
2010s$2.8 billionAvengers: Endgame
85%
1930s$3.6 billionGone with the Wind
74%
1970s$3.3 billionStar Wars
69%
2020s$2.3 billionAvatar: The Way of Water
42%
1980s$2.3 billionE.T. the Extra-Terrestrial
37%
1960s$2.4 billionThe Sound of Music
29%
1950s$2.2 billionThe Ten Commandments
18%
1940s$1.5 billionBambi / Pinocchio
14%

Score Distribution

Percentile by Number Answered

Percent of People with Each Score

Your Score History

You have not taken this quiz since the last reset